Macbeth = Macbeth /

Kaydedildi:
Detaylı Bibliyografya
Yazar: Welles, Orson (realización)
Diğer Yazarlar: Welles, Orson (guión) (guión), Russell, John L. (fotógrafo) (fotógrafo), Lindsay, Louis (montaje) (montaje), Ibert, Jacques (música) (música), Welles, Orson (actuación) (actuación), Nolan, Jeanette (actuación) (actuación), O'Herlihy, Dan (actuación) (actuación)
Materyal Türü: Saydam/Asetat
Dil:İngilizce
Baskı/Yayın Bilgisi: EUA : Mercury, 1948
Konular:
Etiketler: Etiketle
Etiket eklenmemiş, İlk siz ekleyin!

MARC

LEADER 00000ngm^a2200000^a^4500
001 000371069
005 20250521000000.0
009 20260310115921.681
037 |a Acervo ITESO - Biblioteca 
041 |a ING 
082 |a 810.  |b WEL 
100 |a Welles, Orson  |e (realización) 
240 1 4 |a [La tragedia de Macbeth] 
240 1 1 |a [Macbeth. Adaptaciones] 
240 1 1 |a [Macbeth] 
245 1 0 |a Macbeth =  |b Macbeth /  |c Realización de O. Welles. 
246 2 |a Título de exhibición cinematográfica en México: La tragedia de Macbeth 
264 1 |a EUA :  |b Mercury,  |c 1948 
264 2 |a México :  |b Zima Entertainment [distribución],  |c copyright fecha no identificada 
300 |a 1 DVD regiones 1 y 4  |c (107 min.) 
336 |a imagen móvil bidimensional  |b tdi  |2 rdacontenido 
337 |a video  |b v  |2 rdamedio 
338 |a videodisco  |b vd  |2 rdasoporte 
500 |a Basado en: Macbeth, de William Shakespeare 
649 |a XX 
650 |a Reyes en el Cine 
650 |a Dramas Cinematográficos 
650 |a Cine en Blanco y Negro -  |z EUA 
650 |a Cine Norteamericano -  |y 1950-1959 
650 |a Cine Norteamericano -  |y Siglo XX 
650 |a Tragedia Inglesa -  |x Adaptaciones para Cine 
650 |a Teatro Inglés -  |x Adaptaciones para Cine 
650 |a Literatura Inglesa -  |y Siglo XVII -  |x Adaptaciones para Cine 
650 |a Literatura Inglesa -  |y Hasta 1700 -  |x Adaptaciones para Cine 
650 |a Literatura y Cine 
650 |a Profecías 
650 |a Destino y Fatalismo 
650 |a Herencia y Sucesión 
650 |a Asesinato Político 
650 |a Conspiración 
650 |a Venganza 
650 |a Avaricia y Ambición 
650 |a Poder Político 
650 |a Poder (Ciencias Sociales) 
700 |a Welles, Orson  |e (guión) 
700 |a Russell, John L.  |e (fotógrafo) 
700 |a Lindsay, Louis  |e (montaje) 
700 |a Ibert, Jacques  |e (música) 
700 |a Welles, Orson  |e (actuación) 
700 |a Nolan, Jeanette  |e (actuación) 
700 |a O'Herlihy, Dan  |e (actuación) 
910 |a Fondo General 
920 |a Audiovisuales - DVDs 
940 |a Películas 
905 |a 302 
901 |a 0500264030  |b IT2  |c DVS  |u 20250521 
902 |a https://opac.biblio.iteso.mx/vufind/Record/000371069